MDQL
is popping MORE tags! Check the
thread
!
Quizzes
Events
Quiz Creation
Community
Videos
Private Events
Remove Ads
Sign In
Join for FREE
Feedback
Dark Mode
Quiz Categories
Sports
Geography
Music
Movies
Television
Just For Fun
Miscellaneous
History
Literature
Language
Science
Gaming
Entertainment
Religion
Holiday
For Kids
Quiz Lab
Recent
Popular Today
Quiz Kudos Today
Editor Picks
Curator Picks
Quizzes by...
Day
Popularity
Type
Ratings
Length
Year
Community
Subscriptions
Recent Discussions
Orange Saloon
Badges
Playlists
Quests
Create
Leaderboards
Showdown
Live 5
Trivia Bingo
Activity
Puzzle Library
Sporcle Events
Private Events
Virtual Trivia
Globe League
Become a Host
Pub Owners
SporcleCon
Opinionation
Our Games
Videos
Blog
Mobile Apps
Partnerships
Remove Ads and Go Orange
Feedback
Science
Computer
Plants
Astronomy
Chemistry
Elements
Math
Animal
Physics
Anatomy
Biology
Geology
General Science
Science
Computer
Plants
Astronomy
Chemistry
Elements
Math
Animal
Physics
Anatomy
Biology
Geology
General Science
Random Quiz
Search Sporcle
×
Quiz Lab
Quiz Lab
Science
Physics
Type in answers that appear in a list
Type in answers that appear in a list
Classic
Best Score? Go Orange.
Kinderman Physics Study Quiz Stats
Can you name the Kinderman Physics Study Quiz?
By
PitPansy13
15m
47 Questions
39 Plays
39 Plays
39 Plays
Comments
Comments
Give Quiz Kudos
Give Quiz Kudos
-
- Ratings
hide this ad
Replay
Link that replays current quiz
Next Quiz
Link to next quiz in quiz playlist
You Got
0%
They Got
Avg Score
12%
Avg Friend Score
Upgrade to see
Score Distribution
Jump to the score distribution portion of the page
Score
0/47
Timer
15:00
0
Plays Today
Question
Answer
% Correct
Batteries produce...
voltage
59%
Is work a state function?
Yes
38.5%
Is potential the same for all points in a conductor?
yes
38.5%
Does capacitance change if the physical arrangement of the capacitor changes?
Yes
38.5%
What moves electrons around in a ciruit?
current
38.5%
change in charge over change in time is
current
38.5%
A magnetic field points out of the _
_
_
_
pole and into the _
_
_
_
pole
north, south
35.9%
torque alligns the dipole in the field with the positive end pointing down field (T/
F)
True
25.6%
A charge outside the gaussian surface causes _
_
_
_
net flux
zero
25.6%
What is the magnitude of an electric field inside a conductor in equilibrium?
Zero
25.6%
coulombs law (E=)
F|q
23.1%
A positive charge always goes toward higher electric potential(T/
F)
False
20.5%
Potential is a vector (T/
F)
False
20.5%
the general power formula is...(P=)
IV
17.9%
Type of surface needed to calculate flux
Gaussian
15.4%
Resistance Equivelence is like capacitance equivalence but...
inverted
10.3%
The difference between an ideal and real battery?
internal resistance
10.3%
(emf)C(1-
e^(-
t/
RC)) is the equation for
charging a capacitor
10.3%
A force between two parallel wires with current going in the same direction is
attractive
10.3%
In a capacitor Q=
VC
7.7%
If the inverse of equivalent capacitance is 2/
C, the capacitors are in...
series
7.7%
Qo * e^(-
t/
RC) is the equation for
discharging a capacitor
5.1%
If a bar is moving right through a magnetic field directed into the page the resulting motional emf creates a high potential at the...
top
5.1%
Lenz's Law makes a Mag Field that...
opposes the change in flux
5.1%
Question
Answer
% Correct
magnetic flux/
current is...
inductance
5.1%
What is the time constant for an LR circuit?
L|R
5.1%
symbol for volume, surface, and linear charge density
rho, eta, lambda
2.6%
What is the field inside a parallel plate capacitor?
eta|2epsilon zero
2.6%
Electric flux is (PHIe=)
integral of E dA
2.6%
The energy stored in a capacitor is (U = )
1|2CV
2.6%
conductivity and resistivity are...(symbols)
sigma, rho
2.6%
One of kirchoff's rules
loop rule
2.6%
The other of kirchoff's rules
junction rule
2.6%
Ampere's Law is mu(zero)*I =
integral of B ds
2.6%
Magnetic Force is ...
qv cross B
2.6%
Faraday's Law is.. (emf = )
-dPHI/dt
2.6%
the energy stored in a conductor is...
1|2LI^2
2.6%
the opposite of the derrivative of current times inductance is ...
change in voltage
2.6%
1/
sqrt(LC) is...
resonance frequency
2.6%
displacement current is...
epsilon zero derrivative of electric flux
2.6%
Capacitive Reactance is... (Xc=)
Vc/Ic
2.6%
In a phasor diagram, capacitor voltage _
_
_
current
leads
2.6%
In a phasor diagram, inductant voltage _
_
_
_
_
current
lags
2.6%
2.6%
The integral of E dA is... (the other definition of flux)
Qenclosed|epsilon zero
0%
V = (with respect to e field)
integral of E ds
0%
Current density is (J=)
I/A
0%
Quiz Playlist
Details
Report
Send in Message
Add To Playlist
Classic:
Type in answers that appear in a list
Last Updated: Feb 16, 2017
Quiz Scoreboard
CHALLENGE
Sign Up to Join the Scoreboard
Show All
Scores
Hide
Comments
May contain spoilers
Recently Published
5x2 Blitz: Bands
by SL_Kpop136
Music
30s
Colored Red Africa Blitz
by spor1
Geography
30s
Find the 'City' Movie
by crazypaving
Movies
60s
More to Explore
Quiz From the Vault
Featured Blog Post
14 Easter Pick-up Lines to Find Eggs With
hide this ad
You Might Also Like...
Tags
Physics Quiz
Study
useful
Today's Top Quizzes in Science
Browse Science
hide this ad
Today's Top Quizzes in Physics
Browse Physics
Top Contributed Quizzes in Science
1
Windmill: Elements
2
Glycolysis
3
Square Numbers Scrambled (1-50)
4
17 TIMES TABLE
5
Elements In Images
6
Astronomy Spelling Bee
7
The First 100 Digits of Pi
8
3-letter Elementary Words
9
'C' Flowers II
10
Multiplication 12-19
Explore More
Trending Topics
Crossword
Disney
Anime
Marvel
Kpop
NBA
Harry Potter
WWE
Country
NFL
Pokémon
Puzzle
Soccer
Song
The Office
hide this ad
More By:
PitPansy13
Quiz
Plays
Rating
Category
Featured
Created
Homestarrunner Characters
81
1.00
Entertainment
Dec 4, 2009
Kinderman Physics Study Quiz
39
Science
Dec 4, 2009
Go to Creator's Profile
Score Distribution
Quiz Creator Spotlight
PitPansy13
Follow
Send a Message
Quizzes Created
-
Created Quiz Play Count
-
More By This Creator
Popular Quizzes Today
1
Colored Red Africa Blitz
2
Find the US States - No Outlines Minefield
3
Find the 'City' Movie
4
5x2 Blitz: Bands
5
The Countries of the World
6
Find the US States
7
US States
8
Find the Countries of Europe - No Outlines Minefield
More Science Quizzes
► Animals - Scorpions
Quiz Lab
Trending Quizzes
Colored Red Europe Blitz I
Colored Red Europe Blitz II
Colored Red Africa Blitz II
Colored Red Europe Blitz III
Colored Red Africa Blitz III
Recently Updated
How Do You Spell That?
pecheneg
Godzilla Movies
pecheneg
Grab Bag: 4-10 Letters
pecheneg
2024 March Madness Bracket
pecheneg
Famous TV Couples
Peacemaker
Champions League XIs: Real Madrid
pecheneg
Largest US Cities 1790-2010
pecheneg
Rides in Walt Disney World
pecheneg
Most Oscar Losses (Acting)
pecheneg
Beyoncé Albums
pecheneg
Trending Topics
Harry Potter
Crossword
Anime
Kpop
Marvel
Disney
NBA
NFL
WWE
Song
Puzzle
The Office
Country
Soccer
Pokémon
Your Account Isn't Verified!
In order to create a playlist on Sporcle, you need to verify the email address you used during registration. Go to your
Sporcle Settings
to finish the process.
Report this User
Report this user for behavior that violates our
Community Guidelines
.
Details:
Send Report
Go to the Sporcle.com Mobile Site →
Comments